ভারতের খনিজ সম্পদ / (Record no. 52834)
[ view plain ]
| 000 -LEADER | |
|---|---|
| fixed length control field | 00976nam a2200229 a 4500 |
| 001 - CONTROL NUMBER | |
| control field | 52834 |
| 003 - CONTROL NUMBER IDENTIFIER | |
| rucl marc code | BD-RjUL |
| 005 - DATE AND TIME OF LATEST TRANSACTION | |
| control field | 20211209075851.0 |
| 008 - FIXED-LENGTH DATA ELEMENTS--GENERAL INFORMATION | |
| fixed length control field | 160927b1978 nn ||||| |||| 00| 0 bng d |
| 035 ## - SYSTEM CONTROL NUMBER | |
| System control number | (BD-RjUL)52954 |
| 040 ## - CATALOGING SOURCE | |
| Original cataloging agency | BD-RjUL |
| Language of cataloging | bng |
| Transcribing agency | BD-RjUL |
| 041 ## - LANGUAGE CODE | |
| Language code of text/sound track or separate title | bng |
| 082 ## - DEWEY DECIMAL CLASSIFICATION NUMBER | |
| Edition number | 23 |
| Classification number | 333.80954 |
| Author mark and year | BOV 1978 |
| 100 ## - MAIN ENTRY--PERSONAL NAME | |
| Personal name | বন্দোপাধ্যায়, দিলীপকুমার |
| 9 (RLIN) | 157992 |
| 245 10 - TITLE STATEMENT | |
| Title | ভারতের খনিজ সম্পদ / |
| Remainder of title | = (Mineral Resources of India) |
| Statement of responsibility, etc. | দিলীপকুমার বন্দোপাধ্যায় |
| 260 ## - PUBLICATION, DISTRIBUTION, ETC. (IMPRINT) | |
| Place of publication, distribution, etc. | কলিকাতা : |
| Name of publisher, distributor, etc. | পশ্চিমবঙ্গ রাজ্য পুস্তক বর্ষদ, |
| Date of publication, distribution, etc. | ১৯৭৮ |
| 300 ## - PHYSICAL DESCRIPTION | |
| Pagination | ২২৩ পৃ : |
| Illustrations | চিত্র ; |
| Size | ২৩ সেম. |
| 500 ## - GENERAL NOTE | |
| General note | গ্রন্তপুঞ্জি |
| 650 ## - SUBJECT ADDED ENTRY--TOPICAL TERM | |
| Topical term or geographic name as entry element | খনিজ সম্পদ |
| Geographic subdivision | ভারত |
| 9 (RLIN) | 157993 |
| Topical term or geographic name as entry element | Mineral resources |
| Geographic subdivision | India |
| 9 (RLIN) | 157994 |
| 942 ## - ADDED ENTRY ELEMENTS (KOHA) | |
| Source of classification or shelving scheme | Dewey Decimal Classification |
| Koha item type | Books |
| Lost status | Source of classification or shelving scheme | Damaged status | Not for loan | Collection code | Permanent Location | Current Location | Shelving location | Date acquired | Source of acquisition | Cost, normal purchase price | Total Checkouts | Full call number | Date last seen | Copy number | Koha item type |
|---|---|---|---|---|---|---|---|---|---|---|---|---|---|---|---|
| Dewey Decimal Classification | Non-fiction | Central Library, University of Rajshahi | Central Library, University of Rajshahi | 05/04/1982 | India international calcutta | 12.00 | B 333.80954 BOV 1978 | 27/09/2016 | C-2 | Books |